UFC: Iconic Fighter Lines - Statistics

General Stats
  • This quiz has been taken 607 times
  • The average score is 21 of 40
Answer Stats
Year Event Line Answer % Correct
2018 UFC 229 "My balls was hot." Derrick Lewis
88%
2016 UFC 205 Press Conference "Who the fook is that guy?" Conor McGregor
85%
2018 UFC 223 "Send me location." Khabib Nurmagomedov
83%
2018 UFC 229 "Let's talk now." Khabib Nurmagomedov
81%
2016 UFC 205 "Irish, only 6 million. Russia 150 million. I wanna fight with your chicken because this is Number 1 easy fight in Lightweight division." Khabib Nurmagomedov
81%
2014 UFC 178 Press Interview "So Jon do you think I'm just gonna sit there and let you kill me Jon?" Daniel Cormier
80%
2011 UFC 136 "Anderson Silva, you absolutely suck!" Chael Sonnen
75%
2016 UFC 205 "I'd like to take this chance to apologise... to absolutely nobody. The double champ does what the fuck he wants!" Conor McGregor
75%
2019 UFC 241 "There ain't no gangsters in this game no more. There ain't nobody who does it right but me and him. So I know my man's a gangster, but he ain't no West Coast gangster." Nate Diaz
74%
2016 UFC 196 "Ay, I'm not surprised motherfuckers." Nate Diaz
71%
2015 UFC on Fox 17 "Fuck that. Conor McGregor, you're taking everything I worked for motherfucker. Im'ma fight your fuckin' ass." Nate Diaz
71%
2014 The Ultimate Fighter: Brazil 3 "I can't let you get close." Chael Sonnen
69%
2014 UFC 178 Press Interview "Hey pussy are you still there?" Jon Jones
68%
2013 UFC Fight Night 26 "Wanderlei Silva. 6 feet tall and 205 pounds. Boy, until I met you, I didn't know they could stack crap that high." Chael Sonnen
66%
2016 UFC 205 Post-Fight Presser "This is Number 1 bullshit." Khabib Nurmagomedov
66%
2014 UFC 178 "You can call me Mystic Mac because I predict deez tings." Conor McGregor
64%
2019 UFC 239 Press Conference "Super necessary." Jorge Masvidal
64%
2015 The Ultimate Fighter 22 "You look like a 50 year-old retired skateboarder." Conor McGregor
63%
2017 UFC Fight Night 119 "Brazil, you're a dump! All you filthy animals suck. I got one thing to say. Tyron Woodley, I'm coming for you! If you don't answer the front door, I'm gonna knock it in and I'm gonna take what's mine. That Welterweight belt!" Colby Covington
62%
2006 UFC 63 "I'm not impressed by your performance." Georges St-Pierre
61%
2011 UFC 137 "Where you at Georges?" Nick Diaz
54%
2015 Go Big Press Conference "Break out the red panties." Conor McGregor
52%
2020 UFC Fight Night 178 "Look at me. Look at me. I broke. Your face." Kamaru Usman
50%
2014 UFC Fight Night 46 "We're not here just to take part. We're here to take over!" Conor McGregor
49%
2017 UFC 217 "Are you intoxicated?" Georges St-Pierre/Michael Bisping
48%
2019 UFC Fight Night 147 "I had to give him the three piece with the soda." Jorge Masvidal
48%
2017 UFC 216 Interview "Shut up before I ankle pick you." Tony Ferguson
45%
2016 UFC 205 "I luh you, see you soon, boi." Yoel Romero
44%
2009 UFC 100 "I'm gonna go home tonight. I'm gonna sit out with my friends and family. And hell, I might even get on top of my wife tonight. See y'all later." Brock Lesnar
42%
2017 UFC 216 Interview "Hold on I'm talking brother." Tony Ferguson
42%
2016 UFC 199 Press Conference "Sounds like the worst self-help book you've ever read. Conceive, believe, achieve. Shut the fuck up." Michael Bisping
41%
2016 UFC 203 "I believe when I punched him and he went down. I followed him. I got him in the guillotine choke, and I clearly felt a tap." Alistair Overeem
35%
2016 UFC Fight Night 81 Counterpunch "You can't be done talking to me. You're right here facing me, dummy. You gotta talk to me. You got no choice. You got nowhere to go. Keep talking." Dominick Cruz
34%
2019 UFC 245 "You couldn't draw money with a green crayon and a white piece of paper." Colby Covington
26%
2018 UFC 225 "Do you have the invite to the White House or is that another figment of your imagination like being the Champ?" Michael Bisping
22%
2016 UFC 201 Press Interview "Cos if I hurt him, I wasn't taking his neck. ("What were you gonna take?") His soul." Robbie Lawler
21%
2016 UFC 207 "I've never had to chase pussy in my life. On December 30th, I ain't doin' it. I don't have to." Cody Garbrandt
17%
2017 UFC Tonight "I don't know when to call somebody quits. I don't know when to call say, Dan Henderson to stop. I don't know when to say that. Nobody has the right. But I will say that sometimes it takes more cajones to stop yourself than it does to keep going. And that's something Mike Bisping can learn about." Dominick Cruz
13%
2012 The Ultimate Fighter 16 "Let me bang bro!" Julian Lane
9%
2017 UFC Tonight "The best fighter doesn't always win. It happened with you and Luke Rockhold." Gegard Mousasi
7%
No matching quizzes found
Score Distribution
Percent of People with Each Score
Percentile by Number Answered
Your Score History
You have not taken this quiz